| 000 | 00633nam a2200205Ii 4500 | ||
|---|---|---|---|
| 003 | JO-AjNU | ||
| 008 | 230606s9999||||xx |||||||||||||| ||und|| | ||
| 020 | _a978-321-63635-5 | ||
| 040 |
_aJO-AjNU _beng _erda _cJO-AjNU |
||
| 041 | _aeng | ||
| 050 | 1 | 4 | _aQA273 .H6 1988 |
| 100 | 3 |
_aHogg,Robert/Tanis,Elliot, _eauthor _9753 |
|
| 245 | 0 | 0 | _a Probability and statistical inference |
| 264 | 3 | 1 | _anew york:pearson Education,2009 |
| 300 |
_a620p _bIncludes index. |
||
| 336 |
_atext _btxt _2rdacontent |
||
| 337 |
_aunmediated _bn _2rdamedia |
||
| 338 |
_avolume _bnc _2rdacarrier |
||
| 650 | 4 |
_a Probability and statistical inference _9754 |
|
| 999 |
_aE397 _c397 _d397 |
||